| 000 | 00487nam a22001817a 4500 | ||
|---|---|---|---|
| 003 | OSt | ||
| 008 | 230118b ||||| |||| 00| 0 eng d | ||
| 020 | _a9789354516634 | ||
| 082 | _a615.1 GUP | ||
| 100 | _aGUPTA,G.D | ||
| 245 | _aPractical Manual of Community Pharmacy and Management | ||
| 250 | _aed | ||
| 260 |
_aNew delhi _bNirali Prakashan _c2022 |
||
| 300 | _a122 | ||
| 650 | _aCommunity Pharmacy and Management | ||
| 700 | _aSHARMA,Shailesh and GUPTA,Richa | ||
| 942 |
_2ddc _cBK |
||
| 999 |
_c11721 _d11721 |
||